| 000 | 01045nam a22002897a 4500 | ||
|---|---|---|---|
| 999 |
_c29498 _d29469 |
||
| 003 | EG-ScBUE | ||
| 005 | 20210926134302.0 | ||
| 008 | 210925s2015 ua f 000 0cara d | ||
| 017 | _a2015/11703 | ||
| 020 | _a9789779103747 | ||
| 020 | _a9789779103754 | ||
| 040 |
_aEG-ScBUE _bara _erda _cEG-ScBUE _dEG-ScBUE |
||
| 043 | _af-ua--- | ||
| 082 | 0 | 4 |
_a892.70995692 _bم ر و _222 |
| 100 | 1 |
_aمروة، كريم، _eمؤلف. _916409 |
|
| 245 | 1 | 2 |
_aالرواد اللبنانيون في مصر : _bفي الصحافة والفكر والأدب والفن / _cكريم مروة. |
| 264 | 1 |
_aالقاهرة : _bالهيئة المصرية العامة للكتاب، _c2015. |
|
| 300 |
_a367 صفحة ؛ _c24 سم |
||
| 336 |
_2rdacontent _aنص _btxt |
||
| 337 |
_2rdamedia _aبدون وسيط _bn |
||
| 338 |
_2rdacarrier _aمجلد _bnc |
||
| 541 | _cDonation. | ||
| 650 | 7 |
_aالأدباء اللبنانيون _zمصر _vتراجم. _2BUEsh |
|
| 653 | 7 |
_aBUEsh _bARALIT _cSeptember2021 |
|
| 655 | 7 |
_2BUEsh _vReading book _934232 |
|
| 942 | _2ddc | ||